000 01023cam a2200253 4500
008 040505n2003 000 0 eng u
020 _a1860816215
035 _a(Sirsi) u127108
041 _aeng
050 _a674.834
_c18
100 _aDinwoodie, J. M.
245 _aWood-based panels
_boriented strand board (OSB)
260 _aWatford
_bBRE
_c2003
300 _a6p.
_c30cm.
490 _aBRE Digest
_v477 Part 1
520 _aDescribes oriented strand board (OSB) and provides guidance on its use when manufactured to the european Standard EN 300. It demonstrates how when the product is used in construction within Europe, mandatory compliance with the Construction Products can be achieved by using the new European Harmonised Standard (EN 13986).
650 _aOSB
650 _aORIENTED STRAND BOARD
690 _aBUILT ENVIRONMENT-BUILDING MATERIALS
700 _aEnjily, V.
710 _aUnited Kingdom
_bDepartment of Trade and Industry
710 _aBuilding Research Establishment
942 _n0
999 _c103708
_d103708